The continuum companion to twentieth century theatre edited by Colin Chambers.

Saved in:
Bibliographic Details
Format: Book
Language:English
Published: Continuum 2002
Tags: Add Tag
No Tags, Be the first to tag this record!

MARC

LEADER 00000nam a22000007a 4500
008 211117b ||||| |||| 00| 0 eng d
020 |a  082644959X 
245 |a The continuum companion to twentieth century theatre  |b edited by Colin Chambers.  |g xxv, 866 p. 
250 |c  Chambers, Colin 
260 |b Continuum  |c 2002  |h  London ; New York   |i 642382  |l PN 2035 .C76  |m Theater--Dictionaries.  |m Theater--Biography--Dictionaries  |m Performing arts--Dictionaries.  |m Performing arts--Biography--Dictionaries  |m . Drama--20th century--Dictionaries. 
500 |a Includes bibliographical references 
942 |a lcc  |c BK  |e Adeyeye Y. S.  |f 17/11/21 
952 |0 0  |1 0  |2 lcc  |4 0  |6 PN2035 C76  |7 0  |9 3887  |a HOL  |b HOL  |c LP  |d 2021-11-17  |l 0  |o PN 2035 .C76  |p 2021-67612  |r 2021-11-17 00:00:00  |w 2021-11-17  |y BK 
999 |c 1938  |d 1938